[Event "Astana m"]
[Site "Astana"]
[Date "2003.01.14"]
[Round "4"]
[White "Sadvakasov, Darmen"]
[Black "Kortschnoj, Viktor Lvovich"]
[Result "1-0"]
[WhiteElo "2523"]
[BlackElo "2642"]
[Annotator "Lukacs,P"]
[PlyCount "75"]
[EventDate "2003.01.10"]
[EventType "match"]
[EventRounds "8"]
[EventCountry "KAZ"]
[SourceTitle "CBM 093"]
[Source "ChessBase"]
[SourceDate "2003.04.01"]
[SourceVersion "1"]
[SourceVersionDate "2003.04.01"]
[SourceQuality "1"]

1. e4 c6 2. d4 d5 3. Nd2 dxe4 4. Nxe4 Bf5 5. Ng3 Bg6 6. Bc4 e6 7. N1e2 Bd6 8.
h4 h6 9. Nf4 Bxf4 (9... Ne7 {Rublevsky-Dreev, Presidents Cup 1997 CBM 65}) 10.
Bxf4 {In this variation White gets the ^^, but it has no real importance.} Nf6
11. Qd2 (11. Qe2 $5 Nd5 $5 ({accepting the P sacrifice by} 11... Qxd4 $6 {
requires good nerves.} 12. Be5 Qd8 (12... Qc5 13. O-O-O Bxc2 {Black is really
hungry for pawns...} 14. Bd6 Bxd1 15. Rxd1 Qa5 16. Bxe6 $1 {This is the
punishment for Black's greedy play.} fxe6 17. Qxe6+ Kd8 18. Bb4+ Qd5 19. Be7+
Kc7 20. Bd6+ Kb6 21. Qe3+ Ka6 22. Rxd5 Nxd5 23. Qa3+ $16 {
Kosteniuk-Susilodonata, Jakarta JAPFA 2002}) 13. Rd1 $44 {- Fressinet-Bareev,
Enghlen les Blans 2001 CBM 83}) (11... O-O 12. h5 Bh7 13. O-O-O Nbd7 (13... b5
$6 {Black wants to build up a stronghold on d5, but also weakens his <<.} 14.
Bd3 Bxd3 15. Rxd3 Qd5 16. Kb1 Nbd7 17. f3 Rfc8 (17... c5 18. dxc5 Qc6 19. Qd2
Rfc8 20. b4 $1 {White doesn't want to give up his strong o^.} a5 21. Bxh6 $1 {
It's time for a devastating ->!} gxh6 22. Qxh6 axb4 23. Ne4 Qa6 24. a3 {
and Black has no mating threats.} e5 25. Nd6 Rxc5 26. Nf5 {1:0 Aronian-Izoria,
Wch U20 Athens 2001}) 18. Ne4 Nxh5 19. Bd2 Nhf6 20. g4 {Black has won a P, but
this only helps for White's ->.} Nh7 21. Qh2 Ndf8 22. Bxh6 $1 gxh6 23. Qxh6 Qd8
24. g5 $18 {with an irresistable ->, Kveinys-Eliet, Capelle la Grande 2002.})
14. Kb1 Qa5 15. f3 {/\ Ne4} b5 16. Bd3 Bxd3 17. Rxd3 c5 18. Bd6 Rfc8 19. dxc5
Nxc5 20. Bxc5 Rxc5 21. Ne4 Nxe4 22. Qxe4 $14 {and White has a firm control
over the d <->, his Q is centralized, Kveinys-Abdulla, Bled ol (Men) 2002.}) (
11... Nbd7 12. O-O-O (12. h5 Bh7 13. O-O-O O-O (13... Nd5 14. Bd2 N7f6 (14...
Qc7) 15. f3 Nb6 16. Bb3 a5 17. a3 O-O 18. Kb1 Re8 $11 {Ciuksyte-Burmakin,
Zurich 2002}) 14. f3 b5 15. Bb3 {The B is not well-placed here.} (15. Bd3 $5)
15... a5 16. a3 Qb6 17. Bd6 Rfc8 18. Ne4 Nxe4 19. fxe4 c5 20. dxc5 Nxc5 $13 {
Tiviakov-Anand, Corsica Masters rapid 2001}) 12... Nd5 {- RUS-ch St Petersburg
1998 CBM 67} (12... O-O 13. Bd3 Bxd3 14. Rxd3 Qa5 15. Kb1 Rfe8 {1/2:1/2
Rublevsky-Dreev, FIDE World Cup-B Hyderabad 2002})) (11... b5 12. Bd3 (12. Bb3
{The B has no future on this /^.} O-O 13. c3 Nd5 14. Be5 Nd7 15. Rd1 N7b6 16.
Qg4 Nf6 17. Qf3 Nfd5 18. Qg4 Nf6 19. Bxf6 Qxf6 20. Ne4 Qe7 21. O-O a5 $11 {
Landa-Kallai, FRA-chT Epinal 2002}) 12... Bxd3 13. Qxd3 Nbd7 14. O-O-O Nb6 15.
Be5 Nbd5 16. Kb1 O-O 17. Ne2 Nh7 18. g4 f6 19. Bg3 Re8 20. f4 {White has some
attacking chances on the >>.} Nf8 21. Qf3 $14 {Fressinet-Theon, FRA-chT France
2002}) 12. Bd2 {This allows} Bxc2 13. Nh5 Kf8 14. Rh3 Bg6 15. Nf4 Nxf4 16. Bxf4
h5 {White's attacking chances are fairly problematic.} 17. O-O-O Nd7 18. Rg3
Bf5 19. Rg5 Nb6 20. f3 f6 21. Rxf5 exf5 22. Bb3 Qd7 $17 {
Kovalevskaya-Chiburdanidze, Bled ol (Women) 2002}) (11. h5 Bh7 12. c3 (12. Qd2
Nbd7 (12... O-O {- 11.Qd2}) 13. O-O-O Nd5 $11) (12. Qe2 Nbd7 {- 11.Qe2}) (12.
O-O Nbd7 13. Bb3 O-O 14. Re1 Qb6 15. c4 {White has permanent problems with his
bad light-squared B.} c5 16. d5 exd5 17. cxd5 Qb4 18. Qd2 Qxd2 19. Bxd2 {
1/2:1/2 Short-Svidler, Santo Domingo 2002}) 12... Nbd7 13. Qf3 O-O 14. O-O b5
15. Bd3 Bxd3 16. Qxd3 a6 17. Rad1 Nd5 {The blockade on the light squares svaes
Black from any inconveniences.} 18. Bd6 Re8 19. Rfe1 N7f6 20. Be5 Ng4 $11 {
Bellini-Zelcic, Mitropa Cup Baden 1999}) 11... Nd5 $6 (11... Nbd7 {is a
logical developing move keeping the position as flexible as possible.} 12. Bd3
(12. Bb3 Qe7 (12... a5 $5) 13. O-O-O Nd5 14. Ne2 O-O 15. Rh3 Bf5 16. Rg3 Nxf4
17. Qxf4 Kh8 18. Re3 Bh7 19. Qc7 Rab8 20. g4 Rfc8 21. Qf4 c5 22. d5 c4 23. Bxc4
e5 24. Bb3 Qc5 25. Qxf7 {1/2:1/2 Grigoriants-Riazantsev, RUS-ch U20 Vladimir
2002}) (12. O-O-O Nb6 (12... Nd5 {White cannot save his B.} 13. Rde1 N7b6 (
13... Nxf4 14. Qxf4 Nf6 {is simple and good.} 15. Kb1 O-O 16. Qe5 b5 17. Be2
Qa5 18. Rd1 Rfd8 $13 {Masternak-Grabarczyk, Katowicze op 1995}) 14. Bb3 Nxf4
15. Qxf4 Nd5 16. Qe5 O-O (16... Qf6 17. Ne4 Bxe4 18. Qxe4 Qxf2 {This is rather
risky!} 19. Rhf1 Qg3 20. Rxf7 $1 Qxe1+ 21. Qxe1 Kxf7 22. Qf2+ Nf6 23. g4 g5 24.
Qf5 Rae8 25. h5 $14 {Markowski-Grabarczyk, POL-ch 1993}) 17. Ne4 Qb8 18. Nd6
Rd8 19. Nc4 Nb6 20. Qxb8 Raxb8 21. Ne5 Bh7 22. Rh3 Nd7 $11 {Tal-Botvinnik,
World Championship 1960}) 13. Bb3 a5 $13) 12... Bxd3 13. Qxd3 {but now White's
whole strategy keeping the ^^ fails.} Qa5+ (13... O-O 14. O-O-O $14) 14. Bd2
Qd5 $1 15. c4 Ne5 $1 (15... Qxg2 {- Leko-Anand, Madrid Magistral 1998 CBM 65})
16. cxd5 Nxd3+ 17. Ke2 Nxb2 {-Landa-Groszpeter, EUCup Halkidiki 2002 CBM 92}
18. dxe6 (18. Rab1 Nc4 19. dxe6 b5 20. a4 a6 21. exf7+ Kxf7 $11) 18... Nc4 $11)
(11... O-O 12. h5 Bh7 13. O-O-O Nd5 14. Ne2 Nd7 15. Kb1 N7b6 16. Bd3 Bxd3 17.
Qxd3 Nxf4 18. Nxf4 Qf6 19. Qe4 Rfd8 20. g3 a5 $11 {Jakubowski-Gyimesi, Capella
la Grande 2002}) 12. Ne2 {White wants to take back on f4 by the N with a tempo.
} (12. O-O-O Nxf4 13. Qxf4 O-O 14. Qg4 Qf6 15. Ne4 Qe7 16. Nc5 Bf5 $5 (16...
Nd7 17. Nxd7 (17. Nxe6 Nf6 18. Qg3 Ne4 19. Qc7 Qxc7 20. Nxc7 Rac8 21. Ne6 fxe6
22. Bxe6+ Bf7 23. Bxc8 Rxc8 $11) 17... Qxd7 18. Rhe1 $14 {and at least the
freeing moves c5 and e5 is prevented for a while.}) 17. Qf3 b6 18. Nd3 Nd7 19.
g4 Bh7 20. Qxc6 Rac8 21. Qb5 Be4 22. Rh3 Bc6 23. Qb4 Qxb4 24. Nxb4 Bg2 25. Rc3
Nf6 $44 {Madl-Peredy, Balatonbereny op 1995}) (12. Be5 $5 O-O 13. h5 Bh7 14.
O-O-O Nd7) 12... Nd7 (12... Nxf4 13. Nxf4 $16) 13. O-O-O b5 14. Bd3 (14. Bb3)
14... Bxd3 15. Qxd3 Nxf4 (15... O-O {runs into} 16. Bd6 Re8 17. g4 $1 {with
attacking chances for White on the >>, e.g.:} N7f6 18. Be5 Nxg4 19. Bxg7 Kxg7 (
19... Nxf2 20. Qf3 Kxg7 21. Rhg1+ Kh8 22. Qxf2 $44) 20. Rdg1 h5 21. f3 Qa5 22.
Kb1 $40) 16. Nxf4 Qc7 $6 {Black wants to wait with the decision about his K.} (
16... O-O 17. Qf3 Rc8 (17... Qc7 {- 16...Qc7}) 18. Kb1 $14) 17. Qf3 O-O 18. g4
$1 {With opposite castled kings White begins the P -> on the >> .} (18. Nh5 $14
) 18... g6 {Black wants to avoid the opening of lines, but in vain...} (18...
c5 19. d5 $16) 19. Qe3 Rfe8 (19... Kg7 20. g5 (20. h5 g5 21. Nh3 Nf6) 20... h5
21. Rhe1 $16) 20. Nh3 Kg7 21. h5 g5 22. f4 $1 $18 {and Black's >> is on a
verge of collapse.} gxf4 23. Nxf4 e5 24. Nh3 exd4 (24... Qa5 25. Kb1 {and
Black has no counterchances on the other flank.}) 25. Qxd4+ Ne5 26. g5 hxg5 27.
Nxg5 Rad8 28. h6+ Kg8 29. Qc3 Rxd1+ 30. Rxd1 Qe7 31. Rg1 {White's -> is very
dangerous even without many pieces on the board.} f6 32. Ne4+ Kh8 33. Rg7 Qf8
34. Qd4 Nf3 35. Qd3 Ne5 36. Qe3 f5 37. Ng5 f4 38. Qe4 1-0

[Event "EU-ch 2nd"]
[Site "Ohrid"]
[Date "2001.06.03"]
[Round "3"]
[White "Acs, Peter"]
[Black "Kortschnoj, Viktor Lvovich"]
[Result "1-0"]
[WhiteElo "2509"]
[BlackElo "2643"]
[Annotator "Lukacs,P"]
[PlyCount "65"]
[EventDate "2001.06.01"]
[EventType "swiss"]
[EventRounds "13"]
[EventCountry "YUG"]
[SourceTitle "CBM 084"]
[Source "ChessBase"]
[SourceDate "2001.09.13"]
[SourceVersion "1"]
[SourceVersionDate "2001.09.13"]
[SourceQuality "1"]

1. e4 c6 2. d4 d5 3. e5 Bf5 4. Nc3 e6 5. g4 Bg6 6. Nge2 Bb4 7. Bg2 {This is
not aggressive enough.} (7. h4 $142 {is the consequent continuation
immediately attacking the B and gaining more space on the >>.} Be4 (7... h6 $6
{allows White to gain even more space.} 8. h5 $1 (8. Bg2 Nd7 9. h5 Bh7 10. Be3
Ne7 11. O-O a6 (11... g6 {looks rather desperate.} 12. Ng3 Qc7 13. Nce2 {
Now both bishops are badly placed.} O-O-O 14. c3 Ba5 15. Bxh6 gxh5 16. Bg5 $18
{Shabalov-Magomedov, Minsk 1990}) 12. a3 Bxc3 13. Nxc3 c5 $6 {opening up the
position with passive, undeveloped pieces is against the principles.} 14. dxc5
Nxe5 15. Bd4 N7c6 16. Bxe5 Nxe5 17. Qe2 Qc7 18. Rfe1 Nd7 19. Nxd5 Qxc5 20. b4
Qc8 21. Rad1 $18 {I.Hera-Eperjesi, Budapest 1998}) 8... Bh7 9. a3 $142 (9. Be3
Nd7 10. a3 Be7 {and where to develop the remaining N?} (10... Ba5 {- 9.a3}) 11.
Bg2 $14) 9... Ba5 10. Be3 Nd7 11. b4 (11. Qd2 Ne7 12. f4 Nb6 13. b3 Be4 14. Rh3
Qd7 15. Kf2 Bh7 (15... f5 $2 {founders on the nice tactical blow} 16. exf6 gxf6
17. Nxe4 $1 $18 {Sax-Sakadin, Pardubice 1997}) 16. Qd1 $14 {with a huge space
advantage for White, and the black pieces on the << look also ugly.}) 11... Bb6
12. Qd2 a5 13. Rb1 axb4 14. axb4 Ra3 15. Bg2 Qa8 16. O-O Qa7 17. f4 $16 {
beginning the assault on the >>, Shabalov-Burnett, Saint Paul 2000.}) (7... c5
$6 {opens up the position without any preparation.} 8. a3 cxd4 (8... Ba5 $6 9.
dxc5 {/\ b4 with |^ on both flanks.} Nc6 10. b4 Nxe5 11. Nd4 $16) (8... Be4 9.
Rh3 cxd4 (9... Bxc3+ 10. Nxc3 $14) 10. axb4 dxc3 11. Nxc3 $14) 9. axb4 dxc3 10.
Nxc3 $14) (7... h5 $6 {is punished by} 8. Nf4 $16) (7... f6 8. h5 Bf7 {The
light-squared B is again rather passive.} 9. a3 Bxc3+ 10. Nxc3 fxe5 11. dxe5
Nd7 12. f4 {White's space advantage on the >> is enormous.} Qc7 13. Be3 Ne7 14.
Qd2 $14 {I.Gurevich-Mansoor, Singapore 1990}) (7... Ne7 $6 {is not solving the
problem of the g6 B.} 8. h5 Be4 9. Rh3 {/\ f3} h6 10. a3 Bxc3+ 11. Nxc3 Bh7 {
and Black has lost a tempo.} 12. Bd3 Bxd3 13. Qxd3 Nd7 14. f4 Qb6 15. f5 $16 {
Henris-Navarovsky, Budapest 1993}) 8. Rh3 {/\ f3 catching the B.} h6 (8... h5
$5 9. Ng3 $1 c5 $1 (9... Nd7 {gives the P without any fight.} 10. Nxh5 g6 11.
Bg5 Qa5 12. Nf4 c5 13. a3 Bxc3+ 14. Rxc3 cxd4 15. Qxd4 Ne7 16. b4 Qb6 17. Qxb6
axb6 18. O-O-O $18 {Plaskett-D.Roos, Graz 1981}) (9... hxg4 10. Qxg4 Ne7 11.
Ngxe4 dxe4 12. Qxe4 Nf5 13. Bg5 Qd5 {(Kotz-Singer, AUT 1994)} 14. Qxd5 cxd5 15.
O-O-O $16 {with a healthy P up.}) 10. Bg5 $1 f6 (10... Qb6 {(L.Day-Vranesic,
Canada-ch 1981)} 11. a3 $1 hxg4 12. axb4 {sacrificing the exchange for a
tremendous position.} gxh3 13. dxc5 $16 {L.Day}) 11. Bd2 Bxc3 (11... cxd4 $4
12. Ncxe4 $18) 12. bxc3 Nc6 13. exf6 gxf6 (13... Nxf6 $6 14. g5 Nd7 15. Nxe4
dxe4 16. Qe2 $16 {^^}) 14. Nxe4 dxe4 15. Qe2 Qd7 16. Qxe4 hxg4 $5 (16... O-O-O
$2 17. g5 $1 $16 {Vasiukov-Razuvaev, SU-ch Vilnius 1980/81}) 17. Qxg4 O-O-O 18.
Bb5 $14 {^^}) 9. a3 Bxc3+ 10. Nxc3 Bh7 11. h5 {Continuing the plan of
strangulation.} (11. Bd3 {is not so aggressive.} Bxd3 12. Qxd3 Nd7 13. Bd2 Nf8
14. h5 Qd7 15. O-O-O Ne7 16. f4 O-O-O $11 {Ady-Speelman, Morecambe 1981}) 11...
Ne7 (11... Nd7 12. f4 Ne7 13. Be3 {- 11...Ne7}) 12. Be3 Nd7 13. f4 a5 (13...
O-O 14. Qd2) 14. Qd2 a4 15. O-O-O Qa5 16. Bf2 $1 {/\ Bh4 activating the B.} (
16. Bd3 Bxd3 17. Qxd3 Qa6 {/\ Nb6 I.Hera-Eperjesi, Budapest 1998}) 16... O-O
17. Bh4 $16) 7... c5 $5 (7... Ne7 8. Nf4 Nd7 9. O-O (9. h4 c5 $5) 9... Bxc3 10.
bxc3 Nb6 11. Rb1 {1/2:1/2 Sax-Plachetka, Malta ol (Men) 1980}) (7... Nd7) (7...
Qh4 {is less logical in view of} 8. h3 $1) 8. Be3 $6 (8. O-O $1 {was the
logical follow-up.} Ne7 (8... h5 9. Nf4 $1 hxg4 (9... Qh4 10. Nxg6 fxg6 11. g5
Qxd4 (11... Bxc3 12. bxc3 Nc6 13. c4 $1) 12. Nb5 $1 $40) 10. Nxg6 fxg6 11. Qxg4
$36) 9. Nb5 cxd4 10. a3 Bc5 11. b4 a6 12. bxc5 axb5 13. Nxd4 b4 14. Nb5 {
(Sandhu-C.Becker, Schladming 1994)} (14. f4 Be4) 14... O-O $1 15. Nd6 Nd7 $13)
8... cxd4 $1 9. Nxd4 h5 $1 {exploiting the weaknesses on the >>.} 10. a3 (10.
O-O {is also problematic already:} Nc6 $1 $15 {/\} (10... hxg4 $6 {falls into}
11. Nxe6 $1 fxe6 12. Qxg4 Ne7 (12... Bxc2 13. Qxb4 $14) 13. Qxb4 Nbc6 14. Qd6
$36) 11. Ncb5 a6 $1 12. c3 (12. a3 axb5 13. axb4 Rxa1 14. Qxa1 hxg4 $17) 12...
axb5 $1 $17) 10... Bxc3+ 11. bxc3 hxg4 (11... Nc6 $5) 12. Rb1 Qc7 $1 13. Qxg4
Nh6 14. Qh4 O-O $2 {This is too risky.} ({The natural} 14... Nc6 $1 {was
required, for example:} 15. c4 (15. Nb5 Qxe5 16. O-O (16. Qg3 O-O $17) 16...
O-O 17. Bf4 Nf5 18. Qg4 Bh5 19. Qg5 f6 $17) (15. Nxc6 bxc6 (15... Qxc6 $5) 16.
Kd2 $5 (16. Bc5 Qxe5+ 17. Kd2 Qc7 18. Qg3 Kd7 $1 $17) 16... Qxe5 $1 17. Bd4 Qf5
18. Rhc1 Qg4 $1 $17) (15. O-O Nxd4 $1 16. cxd4 Rc8 $17) 15... Nxd4 $1 16. Qxd4
Nf5 $17) 15. Bxh6 gxh6 16. O-O {Now the black K is exposed to many threats.}
Nc6 17. Qxh6 $6 (17. Rfe1 $1 {was more precise not allowing Black to activate
his Q.} Nxd4 (17... Kh7) 18. cxd4 Qxc2 19. Qxh6 $14) 17... Qxe5 18. Rfe1 Qh8
19. Qg5 $1 {It is advisable yet to avoid the exchange of queens.} Qh5 20. Qg3 (
{Now it was time to drive the B to a worse /^.} 20. Qxh5 $1 Bxh5 21. Rxb7 Nxd4
22. cxd4 Rfc8 (22... Rfb8 23. Rb3 {consolidating White's P majority.}) 23. Re5
$1 Bg6 24. h4 $36) 20... Nxd4 21. cxd4 Rac8 22. Rxb7 (22. Re5 $5) 22... Rxc2
23. h4 $6 {White is overestimating his chances.} (23. Rxa7 $11) 23... Kh8 24.
Bf3 $2 $138 (24. Qf4 $11 {was still equal.}) 24... Qf5 25. Bg4 Qf6 26. Re5 Rg8
27. Rg5 Rd2 $2 ({missing} 27... Qxd4 $1 $17) 28. Bh5 $2 (28. Qe5 $1 $11 {
would have been a lucky escape.}) 28... Rxd4 $2 {The comedy of errors
continues in time trouble!} (28... Rd3 $1 $19) 29. Bxg6 fxg6 30. Rxa7 Rf4 31.
h5 Qxg5 $4 {[%mdl 8192] This is a terrible oversight, but in time trouble even
a genius may blunder!} (31... Rf8 $1 32. hxg6 Qa1+ 33. Kg2 Rxf2+ $19) 32. Qxg5
$18 gxh5 33. Ra8 1-0